| 000 | 00619nam a2200181Ia 4500 | ||
|---|---|---|---|
| 008 | 100920s9999 xx 000 0 und d | ||
| 082 |
_b96794 _a--- न 05 |
||
| 100 | _aदेसाई-गोसावी कल्पना. | ||
| 245 | _aचीनमधील डॉ.जिंदुओ. | ||
| 260 |
_bराजहंस, पुणे. _c2005 |
||
| 300 |
_a229 _bसाधी |
||
| 365 | _b250 | ||
| 520 | _aकादंबरी. | ||
| 630 | _aचीनमधील डॉ.जिंदुओ. | ||
| 650 | _aकादंबरी. | ||
| 730 | _aचीनमधील डॉ.जिंदुओ. | ||
| 942 | _cBOOK | ||
| 999 |
_c737233 _d737230 |
||